Вибране (Запис № 366660)

МАРК-запис
000 -Лідер
fixed length control field 00745nam a22002537a 4500
001 - Контрольний номер
control field 80341
003 - Ідентифікатор контрольного номера
control field UA-OsUOA
005 - Дата та час останнього входження (трансакції)
control field 20231215122440.0
007 - Фіксоване поле фізичного опису
fixed length control field ta
008 - Елементи даних фіксованої довжини – загальна інформація
fixed length control field 20111206b un ||||| |||| 00| 0 ukr d
020 ## - Міжнародний стандартний книжковий номер (ISBN)
Міжнародний стандартний книжковий номер (ISBN) (НП) 530800367Х
040 ## - Джерело каталогізації
Агенція оригінальної каталогізації UA-OsUOA
Мова каталогізації ukr
Агенція, яка здійснювала перезапис UA-OsUOA
Агенція, яка здійснювала модифікацію UA-OsUOA
041 ## - Код мови
Код мови тексту/ звукової доріжки чи окремого заголовка (П) ukr
080 ## - Індекс Універсальної десяткової класифікації
Індекс Універсальної десяткової класифікації (УДК) (НП) 821.161.2
090 ## - Локальний шифр розміщення
Класифікаційний індекс УДК 821.161.2
Авторський знак (НП) Д72
100 ## - Основне введення – ім’я особи
Ім’я особи (НП) Драй-Хмара М. П.
245 ## - Відомості про назву
Назва (НП) Вибране
Дані про відповідальність (НП) Михайло Драй-Хмара ; упоряд. Д. Паламарчука
260 ## - Публікація, розповсюдження і т.п. (Вихідні дані)
Місце публікації, розповсюдження і т.п. (П) К.
Ім’я/ наймення видавництва, розповсюджувача і т.п. (П) Дніпро
Дата публікації, розповсюдження і т.п. (П) 1989
300 ## - Фізичний опис
Обсяг 542 с.
650 #7 - Додаткове предметне введення – тематичний термін
Тематичний термін чи географічна назва, як елемент введення (НП) 82 Література. Літературознавство
Джерело заголовка чи терміна UDC
700 1# - Додаткове введення – ім'я особи
Ім’я особи (НП) Паламарчук Д.
Термін відношення упоряд.
942 ## - Додаткові елементи входу (Коха)
Тип елемента Koha Книги
Source of classification or shelving scheme Universal Decimal Classification
955 ## - Код типу видання за змістом
Код типу видання за змістом (НП) Літературно-художні видання
Фонди
Стан вилучень Стан втрат Джерело класифікації або схеми стелажів Стан уражень Не для кредиту Код колекції Постійне місце розташування Поточне розміщення Дата придбання Джерело придбання Вартість, звичайна ціна покупки Інвентарний номер Усього замовленно Повний номер виклику Штрих-код Дата останнього перегляду Ціна ефективна від Тип елемента Koha
    Universal Decimal Classification     Колекція Василишина Р.Д. АБ - Абонемент НБ АБ - Абонемент НБ 06/12/2011 143/2011 10.00 136002   821.161.2 Д72 136002 06/02/2022 06/12/2011 Книги
    Universal Decimal Classification     Колекція Жулинського М.Г. АБ - Абонемент НБ АБ - Абонемент НБ 01/09/2017 32/2017 10.00 155044   821.161.2 Д72 155044 06/02/2022 06/12/2011 Книги
    Universal Decimal Classification     Колекція Жулинського М.Г. АБ - Абонемент НБ АБ - Абонемент НБ 01/09/2017 32/2017 10.00 155062   821.161.2 Д72 155062 06/02/2022 06/12/2011 Книги